[Event "EU-ch U20"]
[Site "Tallinn"]
[Date "1997.09.12"]
[Round "3"]
[White "Hnydiuk, Aleksander"]
[Black "Tyomkin, Dimitri"]
[Result "0-1"]
[WhiteElo "2375"]
[BlackElo "2390"]
[Annotator "Tyomkin,D"]
[PlyCount "206"]
[EventDate "1997.09.10"]
[EventType "swiss"]
[EventRounds "11"]
[EventCountry "EST"]
[SourceTitle "CBM 059 Extra"]
[Source "ChessBase"]
[SourceDate "1997.09.26"]
[SourceVersion "1"]
[SourceVersionDate "1997.09.26"]
[SourceQuality "1"]

1. e4 c5 2. Nc3 Nc6 3. Bb5 Nd4 4. Bc4 e6 5. Nf3 Ne7 6. Nxd4 cxd4 7. Ne2 Nc6 8.
d3 (8. O-O {Tyomkin,D} Be7 (8... g6 $142 9. d3 {-8.d3}) 9. d3 O-O $14 10. a3 (
10. Bb3 b6 11. f4 Bb7 12. Kh1 Kh8 13. f5 d5 14. exd5 Na5 15. Nxd4 Nxb3 16. axb3
Qxd5 17. Qg4 Bf6 18. Be3 $16 {Najer,E-Rowson,J/World Juniors, Zagan POL 1997/
1-0(39)}) 10... a6 11. Ng3 b5 12. Ba2 Bb7 13. f4 Kh8 14. f5 Bg5 15. Qh5 Bxc1
16. Raxc1 Qe7 17. f6 gxf6 18. Qh6 Rg8 19. Rxf6 Rg6 20. Rxg6 fxg6 21. Rf1 $16 {
<->f Balashov,Y-Khalifman,A/Moscow 1993/1-0(34)}) 8... g6 (8... Qb6 $6 {
Tyomkin,D} 9. O-O d6 10. c3 $5 {@} (10. Ng3 $6 g6 11. Bb3 $6 (11. f4) 11... Bd7
12. f4 {[%cal Gf4f5]} Bh6 13. f5 Bxc1 14. Qxc1 O-O-O 15. fxe6 fxe6 16. Rf6 Rde8
17. Qd2 $14 {<->f Hnydiuk,A-Grigore,N/Eu Y Ch b18, Rimavska Sobota SLO 1996/
1-0 (61)}) 10... dxc3 11. Nxc3 (11. bxc3 Be7 {[%cal Ge8g8]}) 11... Be7 12. Be3
Qxb2 13. Nb5 $36) (8... Be7 9. O-O {-8.0-0}) 9. O-O Bg7 10. a4 $146 (10. Bd2 {
Tyomkin,D} a5 $142 $5 (10... O-O 11. b4 b6 12. b5 (12. a4 {-10.a4}) 12... Ne7
13. Bb4 d6 14. a4 a5 15. Ba3 (15. bxa6 $6 Bxa6 {[%cal Ga8a4,Ge7c6]}) 15... Bb7
16. Bb3 d5 17. f3 (17. exd5 Bxd5 18. Bxd5 exd5 {[%csl Rc2][%cal Ga8c8,Gf8e8]})
17... Qc7 18. Qe1 Rad8 19. Qh4 {1/2-1/2 Spassky,B-Kasparov,G/Reykjavik WCup
1988}) 11. a4 d5 (11... O-O) 12. exd5 (12. Bb3 dxe4 13. dxe4 O-O) (12. Bb5 O-O
{[%cal Gc6a7]}) 12... exd5 13. Bb3 O-O 14. Nf4 Be6 {[%cal Gd8d6]}) 10... O-O
11. Bd2 b6 {Trying to play like Kasparov.But why to give white so much space?}
(11... a5 $142) 12. b4 {[%cal Ga4a5]} a5 13. b5 Ne7 14. Bb3 d5 15. f3 e5 $2 (
15... Bb7 {and black is OK}) 16. Bg5 $1 f6 17. Bc1 $1 $16 {[%cal Gc1a3]} Be6
18. Ba3 Bf7 $5 {temporary pawn sacrifice} (18... Re8 19. c3 $1 (19. f4 Qd7)
19... dxc3 (19... f5 20. cxd4 exd4 21. Nf4) (19... Bh6 20. f4 $1) 20. Nxc3 Rc8
21. Bxe7 Qxe7 22. Nxd5 $16) 19. exd5 Re8 (19... Nf5 20. Bxf8 Bxf8 21. Qb1 Ne3
22. Rc1 $16) (19... Nxd5 20. Bxd5 Qxd5 21. Bxf8 Bxf8 $44 {/+/-}) 20. c4 dxc3
21. d6 $1 Nd5 $1 (21... Nf5 $2 22. Bxf7+ Kxf7 23. Qb3+ Re6 24. f4 $16) 22. Nxc3
$1 (22. Bxd5 Bxd5 23. Nxc3 Be6 $44) 22... Nxc3 23. Bxf7+ Kxf7 24. Qb3+ Re6 25.
Qxc3 Bf8 26. Qc7+ Kg8 $8 {Black's position looks dangerous,but white doesn't
have anything force.} (26... Qxc7 27. dxc7 Rc8 28. Bxf8 Kxf8 29. Rac1 Re7 30.
Rc6 $18) 27. Qc4 Qd7 28. d4 $6 (28. Qc6 Qxc6 29. bxc6 Bxd6 30. Bxd6 Rxd6 31. c7
Rc8 32. Rfc1 Rd7 $15) (28. f4 {Kogan,A} Rc8 29. Qb3 Bxd6 30. Bxd6 Qxd6 31. fxe5
$16) 28... Rc8 29. Qd5 $2 (29. Qb3 $142 $1 Bxd6 (29... exd4 30. Rfe1 Kf7 31.
Rad1 $18) 30. Bxd6 Qxd6 31. dxe5 Qd4+ 32. Kh1 Qc4 $16) (29. Qa2 $1) 29... Bxd6
30. Rfc1 Rxc1+ 31. Rxc1 exd4 32. Kf1 $2 $138 (32. Bxd6 Qxd6 33. Qxd6 Rxd6 34.
Rc6 Rd7 35. Kf2 {[%cal Yf2e2,Yf2e1,Gd4d3]} d3 36. Ke1 Rd4 37. Kd2 $11) 32...
Qf7 $1 {[%cal Rd6a3,Re6e1]} 33. Qa8+ Kg7 34. Bxd6 Rxd6 35. Qb8 Rd7 36. Qxb6 d3
37. Qe3 d2 38. Rd1 Qc4+ 39. Kf2 Qxa4 40. Rxd2 Rxd2+ 41. Qxd2 Qxb5 $17 {/-+} 42.
Qd8 Qc5+ 43. Kg3 Qa7 44. Qd6 a4 45. Qa3 Qd7 46. h4 Kf7 47. Qc5 Ke6 48. Qc4+ Kd6
49. Qd4+ Kc7 50. Qa7+ Kd8 51. Qa8+ Ke7 52. Qe4+ Kf7 53. Qc4+ Kg7 54. Qc5 h5 55.
Kh2 Qb7 56. Qa5 Qc6 57. Qa7+ Kf8 58. Kg1 Qc1+ 59. Kf2 Qd2+ 60. Kf1 Qd3+ 61. Kf2
a3 62. Qc5+ Kf7 63. Qc7+ Ke6 64. Qc8+ Ke7 65. Qb7+ Qd7 66. Qb4+ Qd6 67. Qb7+
Ke6 68. Qe4+ Kd7 69. Qa4+ Ke7 70. Qa7+ Kf8 71. Qa8+ Kf7 72. Qa7+ Qe7 73. Qa5
Kg7 74. Qa4 Qc5+ 75. Ke2 Qe5+ 76. Kd3 Qd5+ 77. Kc3 a2 78. Qa7+ Kh6 79. Kb2 (79.
Qe3+ g5 $19) 79... Qd2+ $6 (79... Qb5+ $142 80. Kxa2 Qe2+ 81. Kb3 Qxg2 82. Qe3+
g5 $19) 80. Ka1 Qc2 $2 $11 {[%cal Rc2b1]} (80... Qe1+ $1 81. Kxa2 Qxh4 (81...
Qe2+ 82. Kb3 Qxg2 83. Qa8 $1 $11) 82. Qe3+ Qg5 $1 $17 {[%csl Ra2] /-+} (82...
g5 $6 83. Kb3 $1 $15 {[%csl Rh4]})) (80... Qxg2 $11 81. Qe7 $1 (81. Qf7 $1 Qf1+
82. Kxa2 Qf2+ 83. Kb1 {black can win only if queen will give a check on
"d4"and next play g6-g5,but white simply moves a king on white squares.} Qxh4
84. Qf8+ Kg5 85. Qc5+ Kf4 86. Qb4+ $11 {[%csl Rh4][%cal Gb4e1]}) (81. Qa8 $2
Qf1+ 82. Kxa2 Qc4+ 83. Kb1 g5 $1 $19 {[%cal Yc4g8]}) 81... Qf1+ $1 82. Kxa2
Qc4+ (82... Qf2+ {-81.Qf7}) 83. Kb1 Qb3+ 84. Kc1 Qc3+ 85. Kb1 g5 (85... f5 86.
Qf8+ Qg7 87. Qxg7+ Kxg7 88. f4 $1 $11) 86. Qf8+ Kg6 87. Qe8+ $11 Kf5 $140 $4
88. Qe4#) 81. Qe3+ g5 82. hxg5+ Kg6 (82... fxg5 83. Qe6+ Qg6 84. Qxa2 $15 {/=}
Qb6 (84... Qf6+ 85. Kb1 Qb6+ 86. Qb2) 85. Qb2) 83. Qe8+ Kxg5 (83... Kf5 84.
Qb5+ (84. g4+ $5 Kf4 $1 85. Qb8+ Kxg5 86. Qb5+ f5 87. f4+ Kxf4 88. Qb8+ Kg5 89.
Qd8+ $1 $11) 84... Kg6 (84... Kf4 85. gxf6) 85. Qe8+ $11) 84. Qe3+ Kf5 (84...
Kg6 $5 85. Qe8+ Kf5 86. Qxh5+ (86. g4+ $6 hxg4 (86... Kg5 87. Qb5+ f5 (87...
Kf4 88. gxh5) 88. f4+ $1 Kxf4 89. Qb8+ $1 Kf3 90. gxh5 Kg4 91. Qg8+ $1) (86...
Kf4 87. Qb8+ Kxf3 88. gxh5 $1 {very important idea in this ending-black
already doesn't have the possibility to transfer a game to the pawns' ending}
Kg4 89. Qg8+ $1) 87. fxg4+ Kf4 88. Qb8+ Kg5 89. Qg8+ (89. Qb5+ Kh4 90. Qh5+ Kg3
) 89... Kh4 $19) 86... Kf4 87. Qh4+ Ke3 (87... Ke5 88. Qe1+ Kd5 89. Qa5+) 88.
Qe1+ Kd4 89. Qb4+ $11) 85. g4+ $1 {white's idea to sacrifice all pawns to use
stalemate motives} hxg4 (85... Kg6 $1 {It was much better practical chance,but
still white has a draw. But even here I didn't feel a danger} 86. Qe8+ Kg5 87.
Qxh5+ (87. Qb5+ Kh4 (87... f5 88. f4+ Kxf4 89. gxh5 (89. Qb8+ Kg5 90. Qd8+)
89... Kg5 $19 {with idea Qb1})) 87... Kf4 88. Qh6+ Kg3 $19) 86. fxg4+ Kg6 87.
Qe8+ Kg5 {[%tqu "En","how to make a draw?","","","e8e3","",0,"e8e5","this move
both of us blundered in the hard time-trouble",10]} 88. Qe3+ $4 (88. Qe5+ $3
$11 {this move both of us blundered in the hard time-trouble}) 88... Kh4 {
[%cal Gh4h3]} 89. Qe1+ (89. Qg5+ Kg3 90. Qe3+ Kg2 $19) 89... Kh3 90. Qh1+ (90.
Qf1+ Kh2 91. Qf4+ Kg2) 90... Kg3 91. Qg1+ Kf3 92. Qf1+ (92. Qh1+ Kf4 93. Qf1+ (
93. Qh6+ Kg3) 93... Kg5 94. Qb5+ Kh4) 92... Ke3 93. Qe1+ (93. Qg1+ Ke4 94. Qh1+
(94. Qe1+ Kf4) 94... Ke5 95. Qe1+ Kf4) 93... Kf4 94. Qf1+ (94. Qb4+ Kg5 95.
Qa5+ Kg6 96. Qg5+ $1 Kh7 $1 97. Qh5+ Kg7 98. Qg5+ Qg6 $19) 94... Kg5 95. Qb5+
Kh4 96. Qg5+ Kg3 97. Qe3+ Kg2 98. Qe1 Qb1+ 99. Qxb1 axb1=Q+ 100. Kxb1 Kg3 101.
Kc2 Kxg4 102. Kd2 Kf3 103. Ke1 f5 0-1

[Event "EU-Cup 18th"]
[Site "Kallithea"]
[Date "2002.09.28"]
[Round "7.6"]
[White "Glek, Igor Vladimirovich"]
[Black "Nataf, Igor Alexandre"]
[Result "1-0"]
[WhiteElo "2590"]
[BlackElo "2560"]
[Annotator "Wells,P"]
[PlyCount "81"]
[EventDate "2002.09.22"]
[EventType "team-swiss"]
[EventRounds "7"]
[EventCountry "GRE"]
[SourceTitle "CBM 092"]
[Source "ChessBase"]
[SourceDate "2003.02.06"]
[SourceVersion "1"]
[SourceVersionDate "2003.02.06"]
[SourceQuality "1"]
[WhiteTeam "Norilsk Nikel"]
[BlackTeam "Paris NAO"]
[WhiteTeamCountry "RUS"]
[BlackTeamCountry "FRA"]

1. e4 c5 2. Nf3 Nc6 3. Bb5 e6 4. O-O Nge7 5. Re1 Nd4 6. Nxd4 cxd4 7. c4 g6 8.
d3 Bg7 9. Nd2 O-O 10. b4 d6 11. c5 b6 12. Nc4 $1 {[%csl Gc4][%mdl 4] Watch
this the key piece!} bxc5 13. bxc5 dxc5 (13... d5 14. Nd6 {is none too
appetising either.}) 14. Bd2 {[%csl Ga5,Rd8][%cal Yd2a5]} Bd7 {It is not clear
how much choice black had here - if this piece would have gone to b7 instead
its future would have also been far from rosy. However, white has a set of
targetted 'ideal exchanges' - he would like to pit his stable, blockading,
radiating knight against the feeble black bishop on g7 which can neither
attack weak pawns on challenge for key squares. This game is really a model of
white square strategy.} 15. Rb1 Nc6 16. Qa4 Qc7 17. Ba5 $1 {[%csl Ya5,Yb5,Gc4,
Yc6,Yd7,Rg7] Forcing the exchanges of the ideal 'minor piece pairs' which will
leave the knight against the not formally bad, but in reality catastrophic
bishop!} Nxa5 18. Qxa5 Rfc8 19. Qxc7 Rxc7 20. Bxd7 Rxd7 21. Rb5 Rc8 22. Reb1
Kf8 23. Rb8 Rxb8 24. Rxb8+ Ke7 25. Rc8 Rb7 26. Kf1 Kd7 27. Rg8 Bf6 28. Rf8 Rb1+
29. Ke2 Ke7 30. Ra8 Rb7 31. f4 $1 {Black's utter helplessness in this ending
despite his extra pawn is very instructive. Note that qua Bronstein, white's
knight is a light-squared monster which will come in and eventually simply eat
up the bishop in its dark-square prison!} h5 32. e5 Bg7 33. Kf3 Rc7 34. Nd6 Bh6
35. Re8+ Kd7 36. Rh8 Bg7 37. Rg8 Bh6 38. Nxf7 Kc6 39. Nxh6 Kb5 40. Rxg6 Re7 41.
Ng8 1-0

[Event "Interzonal-16"]
[Site "Biel"]
[Date "1993.??.??"]
[Round "13"]
[White "Wolff, Patrick G"]
[Black "Abramovic, Bosko"]
[Result "1/2-1/2"]
[WhiteElo "2585"]
[BlackElo "2460"]
[Annotator "Wolff,P"]
[PlyCount "82"]
[EventDate "1993.07.16"]
[EventType "swiss"]
[EventRounds "13"]
[EventCountry "SUI"]
[SourceTitle "CBM 037"]
[Source "ChessBase"]
[SourceDate "1993.12.01"]
[SourceVersion "1"]
[SourceVersionDate "1993.12.01"]
[SourceQuality "1"]

1. e4 c5 2. Nf3 Nc6 3. Bb5 e6 4. O-O Nge7 5. c3 a6 6. Ba4 b5 7. Bc2 Bb7 8. d4 (
8. Re1 Ng6 (8... Rc8 9. a4 Ng6 10. axb5 axb5 11. d4 cxd4 12. Nxd4 Nxd4 13. cxd4
Be7 14. Bd3 b4 15. Be3 O-O 16. Nd2 f5 $1 $132 {Spasspov-Gulko, Biel izt (1)})
9. d4 cxd4 10. cxd4 Bb4 11. Nc3 O-O 12. a4 Nce7 $1 13. Bd2 Bxc3 14. bxc3 f5 $1
$132 {Arkhipov-Filipenko, Nabereznye Chelny, 1993}) 8... cxd4 9. Nxd4 $5 Ng6
$146 (9... d5 10. Nxc6 Bxc6 (10... Nxc6 $146 11. exd5 Qxd5 12. Qxd5 exd5 13.
Be3 O-O-O 14. Bb6 $1 $14 {Anand-Svesnikov, Biel izt (11)}) 11. e5 Ng6 12. Re1
b4 13. Nd2 bxc3 14. bxc3 Be7 15. Nb3 Qc7 16. Qh5 $1 Ba4 17. Bd2 $14 {
Ivanchuk-Lputian, Biel izt (7)}) 10. f4 Be7 11. Be3 O-O 12. Nd2 Qc7 13. Rc1 $1
$14 {The R is useful placed opposite the Q, especially as the bishop on c2
needs to be defended if White wants to take on d4 with the pawn.} Rad8 14. Qh5
e5 15. Nxc6 $6 (15. f5 exd4 16. cxd4 Bf6 $1 {Black seems able to defend this
position.}) (15. Nf5 $1 Bf6 $1 (15... exf4 16. Bd4 $1 {White has a strong
initiative here.}) 16. fxe5 $14) 15... dxc6 16. f5 Nf4 17. Bxf4 (17. Qg4 c5 18.
g3 h5 $5 (18... Nd3 19. Bh6 (19. f6 Bxf6 20. Rxf6 Nxc1 (20... Bc8 $1) 21. Bh6
g6 $17) 19... Bf6 20. Bxg7 h5 $1 $8 21. Qf3 (21. Qe2 Nxc1 {hits the queen}) (
21. Qxh5 Kxg7 22. Qg4+ Kh7 23. Qh5+ Kg7 $10) 21... Kxg7 22. Bxd3 c4 23. Qxh5
Rh8 24. Qg4+ Kf8 $17) 19. Qf3 Nd3 20. Rb1 c4 $13 21. Qxh5 $140 Bc5) 17... exf4
18. Nf3 c5 19. Rce1 (19. e5 Bxf3 $8 20. gxf3 (20. Rxf3 Qxe5 $17) (20. Qxf3 Qxe5
21. Qxf4 Qxf4 22. Rxf4 Bg5) 20... Qxe5 21. Rce1 Qf6 $8 22. Rxe7 {It looks at
first like this wins, but Black has a shot here.} Rd2 $1 (22... Qxe7 $2 23. f6
Qe3+ (23... g6 24. fxe7 $18) 24. Kh1 h6 (24... g6 25. Qh6 $18) 25. Rg1 $18) 23.
Be4 (23. Rf2 Qxe7 (23... Rxc2 24. Rxc2 Qxe7 $17) 24. f6 Qe1+ 25. Rf1 Qe3+ 26.
Kh1 h6 (26... Rxc2 $4 27. Qg5 g6 28. Qh6 $18) 27. Rg1 (27. Qg4 g5 28. Qh5 Qe2
$19) (27. fxg7 Kxg7 28. Rg1+ Kf6 $1 29. Qh4+ Ke6 30. Re1 Re2 $19) 27... Qxg1+
28. Kxg1 Rxc2 29. fxg7 Rd8 $1 $19) 23... g6 $1 24. fxg6 hxg6 25. Qe5 (25. Bxg6
$142 $1 Qxg6+ 26. Qxg6+ fxg6 27. Rf2 $10) 25... Qh4 $1 $19) 19... Bf6 20. e5 {
Or else Black blockades on e5} Bxf3 21. Rxf3 Rfe8 $1 (21... Bxe5 $4 22. f6 $18)
(21... g6 22. Qh6 $1 $16 {/\Rh3, /\Qxf4}) 22. e6 c4 $1 (22... fxe6 23. Rh3 $1
h6 24. fxe6 $16 {><f5,g6,h6,h7,f7}) 23. Rxf4 Qc5+ 24. Kf1 Rxe6 $10 25. Rxe6
fxe6 26. Qe2 Be5 27. Rf2 exf5 28. Rxf5 Re8 29. g3 {White plays on out of spite,
but Black has played excellently well throughout, and there was no reason not
to call it a draw right here.} a5 30. Qe4 g6 31. Rf2 a4 32. a3 Rd8 33. Re2 Rf8+
34. Kg2 Bc7 35. Qe6+ Kh8 36. Qe3 Qd6 37. Qe7 Qxe7 38. Rxe7 Bb6 39. Re2 Rf6 40.
Be4 Kg7 41. Bf3 Rd6 1/2-1/2

[Event "American Continental 13th"]
[Site "Medellin"]
[Date "2017.06.16"]
[Round "9"]
[White "Vasquez Schroder, Rodrigo Rafael"]
[Black "Ynojosa Aponte, Felix Jose"]
[Result "0-1"]
[WhiteElo "2553"]
[BlackElo "2395"]
[Annotator "Ynojosa,F"]
[PlyCount "74"]
[EventDate "2017.06.10"]
[EventType "swiss"]
[EventRounds "11"]
[EventCountry "COL"]
[SourceTitle "CBM 179"]
[Source "ChessBase"]
[SourceDate "2017.07.12"]
[SourceVersion "1"]
[SourceVersionDate "2017.07.12"]
[SourceQuality "1"]

1. e4 c5 2. Nf3 Nc6 3. Bb5 e6 4. O-O Nge7 5. d4 cxd4 6. Nxd4 Qb6 7. Nxc6 bxc6
8. Bd3 Ng6 9. c4 Bc5 ({I had played a few games with} 9... Be7 {Since my
opponent used to play 3.d4 I knew he would have prepared something for the
game, so I was looking for options how to deviate. The main idea of 9...Bc5 is
to play ...Bd4 and then consolidate the bishop with c5.}) 10. Nc3 Qc7 ({
A more precise order than} 10... Bd4 $6 11. Ne2) 11. Na4 Bd4 12. c5 $5 {
Preventing ...c5. I thought the correct reaction was to play ...e5, ...d6 and
then ...f5.} O-O 13. Kh1 {Preparing f4.} e5 14. Bc4 d6 15. f4 $5 (15. cxd6 Qxd6
$11) 15... Be6 $1 {Trading the active white bishop and stopping f5.} 16. Qd3 (
16. Be2 f5 17. g4 fxe4 18. f5 Bd5 19. fxg6 e3+ 20. Kg1 hxg6 {with a good
position for Black}) 16... Bxc4 17. Qxc4 d5 $1 (17... dxc5 18. f5) 18. exd5
cxd5 19. Qd3 (19. Qxd5 Rad8) 19... Qc6 $1 {Taking advantage of the bad
position of his knight.} 20. Qd1 f6 {Consolidating the centre.} 21. Bd2 e4 $2 (
21... Rac8 $1 22. a3 Qd7 23. fxe5 fxe5 24. Rxf8+ Nxf8 25. Rc1 Ne6 26. b4 e4 $17
{Black has a huge advantage due to the central passed pawns. In addition, the
pawns will be advancing with tempo.}) 22. Bc3 (22. Ba5 $1 Be3 23. Qb3 $1 Bxf4
24. Nc3 Rab8 25. Qxd5+ Qxd5 26. Nxd5 Be5 {White will lose a pawn, but his
position will improve significantly.}) 22... Be3 23. g3 Rab8 24. Bd4 Bxd4 25.
Qxd4 Ne7 26. f5 Rfd8 27. Rad1 Qb7 (27... Qe8 $1 {would have been much better,
with the idea of ...Nc6 followed by ...d4. The queen would have protected the
e4-pawn.}) 28. b3 Nc6 29. Qe3 Qe7 30. Qf4 (30. Nc3 Qe5 $19) 30... d4 31. Rfe1
e3 32. Kg2 {Black needs to get to the h1-a8 diagonal to finish the game,
however 32...Qb7 can be met by 33.Qf3, while 32...Ne5 by 33.Qe4 and the white
pawn on f5 (temporarily) saves the game. That's why I played...} g6 $1 33. fxg6
hxg6 34. Nb2 Ne5 35. Rxd4 (35. Qe4 f5 $19) 35... Rxd4 36. Qxd4 Qb7+ 37. Kh3 Kg7
{There is no defence against ...Rh8.} 0-1

[Event "SWE-ch"]
[Site "Linkoping"]
[Date "2001.07.10"]
[Round "9"]
[White "Carlsson, Pontus"]
[Black "Cramling, Pia"]
[Result "1/2-1/2"]
[WhiteElo "2330"]
[BlackElo "2510"]
[Annotator "Ziegler,A"]
[PlyCount "68"]
[EventDate "2001.06.30"]
[EventType "tourn"]
[EventRounds "13"]
[EventCountry "SWE"]
[EventCategory "8"]
[SourceTitle "CBM 085"]
[Source "ChessBase"]
[SourceDate "2001.11.13"]
[SourceVersion "1"]
[SourceVersionDate "2001.11.13"]
[SourceQuality "1"]

1. e4 c5 2. Nc3 e6 3. Nf3 Nc6 4. Bb5 Nd4 {Det är så här man skall spela när
man vill försöka straffa vit för att han spelar Anti-Sicilianskt. Lägg märke
till att man bara spelar så här när springaren står på c3, fö annars kan vit
spela c3 i nästa och bygga upp ett centrum med tempo.} (4... Nge7 {Är det
försiktigare spelsättet.}) 5. Bc4 (5. Nxd4 $6 cxd4 6. Ne2 Qg5 7. a4 Qxg2) (5.
O-O {Är huvuddraget.}) 5... Ne7 6. O-O ({Om man slår med en gång blir det
förmodligen dragomkastning.} 6. Nxd4 cxd4 7. Ne2 Nc6 8. O-O) 6... Nec6 7. Nxd4
cxd4 8. Ne2 Bc5 (8... a6 {Med idén att följa upp med...b5 följt av ...Lb7 vid
rätt tillfällen.}) (8... Be7 {har spelats.}) 9. d3 O-O {[#]} 10. Bb3 Na5 {
Nackdelen med draget är att det tappar fokus i centrum.} ({Även} 10... b5 {
kommer i betraktande.}) 11. c3 dxc3 12. bxc3 b6 13. Ng3 ({Vit kunde även spela
enkel schack med:} 13. d4 Be7 14. Qd3 {Idén är att först tvinga svart att
försvaga sin bondestruktur för att sedan angripa den försvagade strukturen.} d5
(14... Bb7 $6 15. Bc2 {Och svart tvingas försvaga sin kungsställning.}) 15. Bc2
(15. e5 $5) 15... f5 16. exd5 exd5 17. Qf3 {Med press för vit.}) 13... Ba6 14.
Re1 Rc8 {Svart spelar logiskt. Torn på halvöppen linje, tryckandes mot en svag
vit bonde.} 15. d4 Be7 16. Qg4 Kh8 17. Bd2 Nc4 18. Bxc4 Bxc4 19. Nh5 g6 20. Nf4
{Vit har fått in några hot, men knappast förbättrat sin ställning.} d6 21. Nh3
f5 $1 {[#]} 22. exf5 gxf5 (22... Rxf5 {Med kontroll över fjärde raden б la
Karpov var också OK.}) 23. Qd1 Rg8 24. Nf4 Qd7 25. Re3 Rcf8 (25... Bf6 $1 {
Är ett härligt drag som ökar svarts inflytande i centrum. Svart följer upp med
Db7 och e5 och sedan får vi se.}) 26. Qc2 Bg5 27. Rg3 e5 28. dxe5 (28. Ng6+
Rxg6 29. Rxg5 {Var ett försök att spela på remi.}) 28... dxe5 29. Nd3 {[#]}
Bxd3 {Pia förenklar i onödan. Hon hade chansen att trycka dit Pontus rejält
med:} (29... f4 $1 30. Rf3 (30. Rh3 Qxh3 31. gxh3 Bh6+ 32. Kf1 e4 {Svart
vinner allt.}) 30... e4 {Svart vinner.}) 30. Rxd3 Qc6 31. Bxg5 Rxg5 32. g3 f4
33. Rad1 Qg6 34. Qe2 Rgf5 {Även om det är ganska lika fanns det mycket kvar
att spela om.} 1/2-1/2